| 000 | 01169nam a2200325 a 4500 | ||
|---|---|---|---|
| 001 | 2048313 | ||
| 003 | OSt | ||
| 005 | 20140310182851.0 | ||
| 008 | 931022s1991 ph a 000 0 eng | ||
| 010 | _a 92945789 | ||
| 040 |
_aDLC _cDLC |
||
| 043 | _aa-ph--- | ||
| 050 | 0 | 0 |
_aKPM 2119 _b.Sa184 1991 |
| 082 | 0 | 0 |
_aFIL 342.5990853 _a345.9902853 _b.Sa184 1991 |
| 100 | 1 | _aSalvilla, Resurrecion S. | |
| 245 | 1 | 0 |
_aPress freedom and the risk of libel _cSalvilla, Resurrecion S., PeƱasales, Fraulin A., Sornito, Fermin E. |
| 260 |
_aIntramuros, Manila _bPublished by the Philippine Press Institute with support from UNESCO _cc1991 |
||
| 300 |
_aiv, 142 p. _bill. _c22 cm. |
||
| 521 | _aHighschool to College student | ||
| 526 | _c1210L to 1700L | ||
| 541 | _j1 | ||
| 562 | _efor circulation. 1 copy available in the colletion | ||
| 650 | 0 |
_aFreedom of the press _zPhilippines. |
|
| 650 | 0 |
_aLibel and slander _zPhilippines. |
|
| 700 | 1 | _aPeƱasales, Fraulin A. | |
| 700 | 1 | _aSornito, Fermin E. | |
| 906 |
_a7 _bcbc _corignew _d3 _encip _f19 _gy-gencatlg |
||
| 942 |
_2lcc _cBK _kFIL |
||
| 999 |
_c16987 _d16987 |
||